000 01329cam a2200373 a 4500
001 14254849
003 NUST
005 20230413101014.0
008 060206s2007 nyua b 001 0 eng
010 _a 2006003292
020 _a0415357969 (hb : alk. paper)
020 _a0415357977 (pb : alk. paper)
040 _aDLC
_cDLC
_dDLC
042 _apcc
043 _ad------
050 0 0 _aHT361
_b.J46 2006
082 0 0 _a307.76
_222
_bJEN
100 1 _aJenkins, Paul,
_d1953-
_932054
245 1 0 _aPlanning and housing in the rapidly urbanising world /
_cPaul Jenkins, Harry Smith, and Ya Ping Wang.
260 _aNew York :
_bRoutledge,
_c2007.
300 _axv, 368 p. :
_bill. ;
_c24 cm.
440 0 _aHousing, planning, and design series
_9111875
504 _aIncludes bibliographical references (p. [342]-360) and index.
650 0 _aUrbanization.
650 0 _aCommunity development, Urban.
_924448
650 0 _aCity planning.
650 0 _aHousing.
_932423
650 0 _aUrban policy
_zDeveloping countries
_vCase studies.
_9111876
700 1 _aSmith, Harry,
_d1963-
_9111877
700 1 _aWang, Ya Ping,
_d1957-
_9111878
906 _a7
_bcbc
_corignew
_d1
_eecip
_f20
_gy-gencatlg
942 _2ddc
_cBK
999 _c594498
_d594498